AU LIBRARIES
Centralized Library System Across Seven Campuses

Financial Accounting: (Record no. 47386)

MARC details
000 -LEADER
fixed length control field 00491nam a2200181Ia 4500
005 - DATE AND TIME OF LATEST TRANSACTION
control field 20260423135346.0
008 - FIXED-LENGTH DATA ELEMENTS--GENERAL INFORMATION
fixed length control field 260423s9999 xx 000 0 und d
020 ## - INTERNATIONAL STANDARD BOOK NUMBER
ISBN 978-0170411028
082 ## - DEWEY DECIMAL CLASSIFICATION NUMBER
Classification number 657.044
Author Mark TRO-F
100 ## - MAIN ENTRY--AUTHOR
Author Name Trotman, Ken
245 #0 - TITLE STATEMENT
Title Financial Accounting:
Sub-Title An Integrated Approach
250 ## - EDITION STATEMENT
Edition statement 7th Ed
260 ## - PUBLICATION, DISTRIBUTION, ETC.
Name of publisher, distributor, etc. Cengage Australia
Place of Publication Australia
Date of publication, distribution, etc. 2019
300 ## - PHYSICAL DESCRIPTION
Pages 737 p.
500 ## - GENERAL NOTE
General note Includes a glossary and index.
650 ## - SUBJECT ADDED ENTRY--TOPICAL TERM
Subject / Department Financial accounting
942 ## - ADDED ENTRY ELEMENTS (KOHA)
Koha item type Book
Holdings
Withdrawn status Lost status Damaged status Not for loan Collection code Permanent Location Current Location Shelving Location Date acquired Source of acquisition Price Inventory number Total Checkouts Full Call Number Accession No./Barcode Date last seen Koha item type
        Accounting Air University Kharian Campus Library Air University Kharian Campus Library Accounting 04/09/2026 Ali Book Services 4048.00 KA/10221   657.044 TRO-F AUKHP0613 04/23/2026 Book
Air University Sector E-9, Islamabad Pakistan
Email: librarian@au.edu.pk  Tel : +0092 51 9262612 Ext: 631